| 000 | 00857nam a22002657a 4500 | ||
|---|---|---|---|
| 001 | 5295 | ||
| 003 | FISKH | ||
| 005 | 20241204154259.0 | ||
| 008 | 241125b cb ||||| |||| 00| 0 eng d | ||
| 020 | _a0590494392 | ||
| 040 |
_aFISKH _beng _cFISKH _dFISKH |
||
| 050 | _aGV697.O9 | ||
| 082 | _a796.42092 | ||
| 100 |
_aA.Adler, David _d(1947–) |
||
| 245 |
_aA picture book of Jesse Owens / _cDavid A.Adler illustrated by Robert Casilla |
||
| 250 | _aFirst published printing in 1993 | ||
| 260 |
_aNew York : _bScholastic, _c1993. |
||
| 300 |
_a27 pages : _bcolor illustrations ; _c21 cm |
||
| 520 | _aA simple biography of the noted black track star who competed in the 1936 Berlin Olympics. | ||
| 650 |
_2Non-fiction _aBiography |
||
| 650 |
_2Olympics _aBlack history |
||
| 700 |
_aCasilla, Robert _dIllustrator |
||
| 942 |
_2ddc _cBK _n0 |
||
| 999 |
_c5295 _d5295 |
||